00398nam a2200109Ia 4500008004100000082001800041100002400059245003800083260005800121630002800179650008100207211109s9999||||xx |||||||||||||| ||und|| a954.83bGOP-K aGopalakrishnan, P K 0aKeralathinde Samskarika Charitram bState Institute of LanguagesaThiruvanathapuramc1994 xPOST GRADUATE REFERENCE aSouth Asia; India vHistory of Asia; Far EastxHistory & geography Malayalam